Open Data Biblioteca Nacional de Portugal


República Portuguesa: Ministério da Cultura
Biblioteca Nacional de Portugal

Catálogo da BNP: acesso por Identificadores Unívocos
Registos Bibliográficos associados ao registo de autoridade

Etiqueta de registo: 00000nkm 2200025 450
001 2260098
003 http://id.bnportugal.gov.pt/bib/catbnp/2260098
100 ## $a20260203f1984 m y0pory01030103ba
101 0# $apor
102 ## $aPT
200 1# $aApaixonado por computadores? Concorre ao 2.º Concurso Informática & criatividade e ganha um computador, Digital e FUNDETEC$bVisual gráfico]$fDigital Equipment Portugal, FUNDETEC
210 #9 $aLisboa$cDigital Equipment Portugal,$d[posterior a 1984]
215 ## $a1 cartaz$ccolor.$d34x47,6 cm
306 ## $aDatação atribuída em conformidade com as designações institucionais
307 ## $aOutras dimensões: 48,6x68,4 cm (CT. 19905 A.)
317 ## $aColeção Madeira Luís$5PTBN: CT. 19905 A.
675 ## $a766(=1:469)"198/9"(084.5)$vBN$zpor$31981940
710 01 $aDigital e FUNDETEC,$bConcurso Informática & Criatividade,$d2$31994142
712 02 $aDigital Equipment Portugal$3389037
712 02 $aFUNDETEC - Fundo para o Desenvolvimento do Ensino da Engenharia e da Tecnologia Electrónica, Electrotécnica e de Computadores$3819964
801 #0 $aPT$bBN$gRPC
966 ## $lBN$mICONOG$sCT. 13409 V.$x3
966 ## $lBN$mICONOG$sCT. 19905 A.$x3
971 ## $cCaticonografia9$d20260203
995 ## $aPRR2026 $d20260203$iCaticonografia9

OpendataBNP@bnportugal.pt | Mais informação sobre acesso aos dados BNP